000 00498nam a2200181Ia 4500
008 131103s9999 xx 000 0 und d
020 _a809100685
040 _aLoreto College
041 _aEnglish
082 _aMIS/LAU
_bLCBED/208
100 _aLaurello, Bartholomew J.
245 _aMinistering to the aging every christian's call
_cBartholomew J.Laurello
260 _aNew York
_bPaulist
_c1979
300 _a88p.
_b pic.
_c 23cm.
650 _aMIS
850 _aLCBED/MIS/LAU
942 _cBK
999 _c34243
_d84722